000 00484nam a2200157Ia 4500
008 210716s2003 xx 000 0 und d
020 _a9780829421156
041 _aeng
082 _a658.4092 LOWC
100 _aLowney, Chris.
245 _aHeroic leadership: best practices from a 450 year old company that changed the word.
_bBest practices from a 450 year old company that changed the word.
250 _a1
260 _aChicago
_c2003
300 _a330
650 _aLeadership
999 _c206479
_d206479